|
|
|
|
| LEADER |
00000nam a2200000 i 4500 |
| 001 |
DIGUPAMP0061 |
| 003 |
NyNyDIG |
| 007 |
cr ||||||||||| |
| 008 |
250903s2024 ck ao ob 000 0 spa d |
| 006 |
m o d |
| 035 |
|
|
|a (OCoLC)1536544821
|
| 040 |
|
|
|a DGITA
|b eng
|e rda
|e pn
|c DGITA
|
| 020 |
|
|
|a 9786287656239
|q (digital)
|
| 024 |
7 |
|
|a 10.24054/seu.71
|2 doi
|
| 043 |
|
|
|a s-ck---
|
| 050 |
1 |
4 |
|a SB379.P28 ebook
|
| 100 |
1 |
|
|a Cancino Escalante, Giovanni Orlando,
|e author.
|
| 245 |
1 |
0 |
|a Investigaciones sobre la Passiflora tripartita var. mollissima :
|b sus aplicaciones y potencial futuro /
|c Giovanni Orlando Cancino Escalante, Susan Elsa Cancino, Jenifer Dayana Villamizar Monsalve.
|
| 250 |
|
|
|a Primera edición.
|
| 264 |
|
1 |
|a [Pamplona, Colombia] :
|b Sello Editorial Unipamplona,
|c [2024]
|
| 300 |
|
|
|a 1 online resource :
|b illustrations, photographs.
|
| 336 |
|
|
|a text
|b txt
|2 rdacontent
|
| 337 |
|
|
|a computer
|b c
|2 rdamedia
|
| 338 |
|
|
|a online resource
|b cr
|2 rdacarrier
|
| 347 |
|
|
|a text file
|2 rdaft
|
| 347 |
|
|
|b PDF
|
| 490 |
1 |
|
|a Colección Biología y ciencias naturales
|
| 504 |
|
|
|a Includes bibliographical references.
|
| 588 |
0 |
|
|a Online resource; title from PDF title page (Digitalia, viewed September 3, 2025)
|
| 650 |
|
0 |
|a Passiflora mollissima.
|
| 650 |
|
0 |
|a Passiflora mollissima
|z Colombia.
|
| 700 |
1 |
|
|a Cancino, Susan Elsa,
|e author.
|
| 700 |
1 |
|
|a Villamizar Monsalve, Jenifer Dayana,
|e author.
|
| 791 |
2 |
|
|a Digitalia (Firm),
|e distributor.
|
| 793 |
0 |
|
|g Digitalia eBook Collection:
|a Universidad de Pamplona
|
| 830 |
|
0 |
|a Colección Biología y ciencias naturales (Universidad de Pamplona)
|
| 856 |
4 |
0 |
|3 Digitalia Hispánica
|u https://www.digitaliapublishing.com/a/175709/
|
| 910 |
|
|
|a Premium collection: 2025
|